Loading...
| Beliefs - Mythology | 0 | 6 | 1 | 1 | 55 | 88 | 112.67 | 3 | 6 |
| Arts - Music | 0 | 5 | 0 | 0 | 50 | 81 | 97.60 | 4 | 5 |
| Arts - Painting | 1 | 3 | 2 | 0 | 35 | 55 | 103.50 | 2 | 4 |
| Thought - Philosophy | 2 | 0 | 0 | 0 | 30 | 67 | 67.50 | 2 | 2 |
| Science - Other Science | 2 | 0 | 0 | 0 | 30 | 44 | 52.00 | 2 | 2 |
| History - American History | 1 | 1 | 0 | 0 | 25 | 43 | 75.00 | 1 | 2 |
| Literature - Euro Lit | 0 | 2 | 0 | 0 | 20 | 96 | 107.00 | 0 | 2 |
| Other - Other Academic | 0 | 2 | 1 | 2 | 15 | 118 | 129.00 | 0 | 2 |
| History - World History | 1 | 0 | 0 | 0 | 15 | 11 | 11.00 | 1 | 1 |
| Beliefs - Religion | 0 | 2 | 1 | 1 | 15 | 91 | 110.50 | 1 | 2 |
| Other - Pop Culture | 0 | 1 | 0 | 1 | 10 | 145 | 145.00 | 0 | 1 |
| Science - Biology | 0 | 1 | 0 | 0 | 10 | 104 | 104.00 | 0 | 1 |
| Literature - World Lit | 0 | 1 | 0 | 0 | 10 | 76 | 76.00 | 0 | 1 |
| History - Other History | 0 | 1 | 0 | 0 | 10 | 82 | 82.00 | 1 | 1 |